Human genetics : Concepts and applications

Zapisane w:
Opis bibliograficzny
1. autor: Lewis, Ricki
Format: Książka
Język:Undetermined
Wydane: New York McGraw-Hill 2005
Hasła przedmiotowe:
Etykiety: Dodaj etykietę
Nie ma etykietki, Dołącz pierwszą etykiete!
Thư viện lưu trữ: Trung tâm Học liệu Trường Đại học Cần Thơ
LEADER 00516nam a2200205Ia 4500
001 CTU_93445
008 210402s9999 xx 000 0 und d
020 |c 1710000 
082 |a 599.935 
082 |b L673 
100 |a Lewis, Ricki 
245 0 |a Human genetics : 
245 0 |b Concepts and applications 
245 0 |c Ricki Lewis 
260 |a New York 
260 |b McGraw-Hill 
260 |c 2005 
650 |a Human genetics 
904 |i Tuyến 
980 |a Trung tâm Học liệu Trường Đại học Cần Thơ